Apuntes etoecológicos sobre Sciurus granatensis gerrardi (Rodentia: Sciuridae) en los Montes de María y Serranía de Coraza (Sucre, Colombia) (Registro nro. 16185)

Detalles MARC
000 -CABECERA
Campo de control 004550000a22001210004500
090 ## - CLASIFICACIÓN LOCAL
Colección AS
Consecutivo Seriadas
041 0# - IDIOMA
Código de idioma para texto/pista de sonido o título separado
100 1# - ASIENTO PRINCIPAL--NOMBRE PERSONAL
Nombre personal Fajardo Patiño, Alirio
245 10 - MENCION DE TITULO
Título Apuntes etoecológicos sobre Sciurus granatensis gerrardi (Rodentia: Sciuridae) en los Montes de María y Serranía de Coraza (Sucre, Colombia)
700 1# - ASIENTO SECUNDARIO - NOMBRE PERSONAL
Nombre personal De la Ossa, Jaime
773 1# - Item fuente:
Título Trianea
Datos de la serie Acta Científica y Tecnológica
Descripción física 3
Paginas del Articulo 176-182
Lugar, editorial y fecha de publicación 1989
942 ## - ELEMENTOS ADICIONALES (KOHA)
Tipo de ítem Artículo

No hay ítems disponibles.